| 000 | 00454nam a2200181Ia 4500 | ||
|---|---|---|---|
| 001 | 9279 | ||
| 005 | 20260306160712.0 | ||
| 008 | 260306t2000||||xx |||||||||||||| ||spa|| | ||
| 041 | _aESP | ||
| 082 |
_aS 378.02 _bF22 |
||
| 100 |
_aFarrera Blancas, Romeo _eAUT |
||
| 245 | 0 | _aAdministración financiera en instituciones educativas | |
| 260 | _c2000 | ||
| 300 |
_a103 páginas : _c24 cm. |
||
| 650 | _aGEN | ||
| 654 | _aCED | ||
| 942 |
_cLIB _dJUS _fJUS _2ddc _n |
||
| 999 |
_c9279 _d9279 |
||